000 00315nam a22001457a 4500
005 20160629172813.0
008 160629b xxu||||| |||| 00| 0 eng d
041 _aeng
082 _b10887
245 _aShivani Eng. Question Bank
260 _bShivani
300 _a245
650 _aManagement
_9241
942 _cBK
999 _c4797
_d4795